La escuela del mañana (Record no. 68075)

MARC details
000 -CABECERA
campo de control de longitud fija 00666nam a2200265 a 4500
005 - FECHA Y HORA DE LA ÚLTIMA TRANSACCIÓN
campo de control 20210219153102.0
008 - ELEMENTOS DE LONGITUD FIJA--INFORMACIÓN GENERAL
campo de control de longitud fija 991125n 000 0 spa u
035 ## - NÚMERO DE CONTROL DEL SISTEMA
Número de control de sistema UPN01000077234
100 1# - ASIENTO PRINCIPAL--NOMBRE PERSONAL
Nombre de persona Durkheim, Emile,
Fechas asociadas al nombre 1858-1917
222 ## - TÍTULO CLAVE
Título clave REVISTA COLOMBIANA DE EDUCACION
245 ## - MENCIÓN DE TÍTULO
Título La escuela del mañana
300 ## - DESCRIPCIÓN FÍSICA
Extensión 61-64
362 0# - FECHAS DE PUBLICACIÓN Y/O DESIGNACIÓN SECUENCIAL
Fecha de publicación y/o designación secuencial 1988 No. 19, ene.-jun.
653 0# - TERMINO DE INDIZACION - NO CONTROLADO
Término no controlado ALEMANIA
653 0# - TERMINO DE INDIZACION - NO CONTROLADO
Término no controlado EDUCACION MORAL
653 0# - TERMINO DE INDIZACION - NO CONTROLADO
Término no controlado EDUCACION PUBLICA
653 0# - TERMINO DE INDIZACION - NO CONTROLADO
Término no controlado ESCUELA
653 0# - TERMINO DE INDIZACION - NO CONTROLADO
Término no controlado FRANCIA
700 1# - ASIENTO SECUNDARIO--NOMBRE DE PERSONAL
Nombre de persona Castaño, Inés Elvira,
700 1# - ASIENTO SECUNDARIO--NOMBRE DE PERSONAL
Término indicativo de función/relación tr.
700 1# - ASIENTO SECUNDARIO--NOMBRE DE PERSONAL
Nombre de persona Castaño, Gonzalo,
700 1# - ASIENTO SECUNDARIO--NOMBRE DE PERSONAL
Término indicativo de función/relación tr.
904 ## - ELEMENTOS DE DATOS D LOCAL, LDD (RLIN)
a AC
b 015045
905 ## - TIPO DE MATERIAL
Tipo de material Articulo

No items available.